000 00736nam a2200205 a 4500
005 20240911064301.0
008 030924s1969 mx r 000 0 spa d
035 _aUPN01000129150
049 _aCG
050 4 _aLB1585
_bT4.38
245 0 0 _aEnseñanza de la matemática, la ciencia y los estudios sociales /
_cG. C. Montgomery ... [et al.] ; tr. Aníbal Leal.
260 _aBuenos Aires :
_bPaidós,
_c1969.
300 _a160 p. :
_bil.
440 0 _aBiblioteca del educador contemporáneo.
_pSerie menor ;
_v92
534 _pTraducción de:
_tTeacher´s encyclopedia
650 4 _aCiencia
_xEstudio y enseñanza
_96354
650 4 _aAritmética
_xEstudio y enseñanza
_97853
700 1 _aMontgomery, G. C.,
_ecouat.
905 _aLibro
999 _c101323
_d101323